000
00229nam a2200097Ia 4500
005
20251222120157.0
008
251222s1900||||xx |||||||||||||| ||spa||
082
_a
DVD0040/Z98/2006/Ej.2
245
0
_a
Diamante de sangre:
942
_c
DVD
999
_c
2302
_d
2302